|
|
|
|
| LEADER |
03315nam a22005295i 4500 |
| 001 |
978-3-662-49663-3 |
| 003 |
DE-He213 |
| 005 |
20160317073727.0 |
| 007 |
cr nn 008mamaa |
| 008 |
160317s2016 gw | s |||| 0|eng d |
| 020 |
|
|
|a 9783662496633
|9 978-3-662-49663-3
|
| 024 |
7 |
|
|a 10.1007/978-3-662-49663-3
|2 doi
|
| 040 |
|
|
|d GrThAP
|
| 050 |
|
4 |
|a TA703-705.4
|
| 072 |
|
7 |
|a RB
|2 bicssc
|
| 072 |
|
7 |
|a SCI019000
|2 bisacsh
|
| 082 |
0 |
4 |
|a 624.151
|2 23
|
| 100 |
1 |
|
|a Wang, Rui.
|e author.
|
| 245 |
1 |
0 |
|a Single Piles in Liquefiable Ground
|h [electronic resource] :
|b Seismic Response and Numerical Analysis Methods /
|c by Rui Wang.
|
| 250 |
|
|
|a 1st ed. 2016.
|
| 264 |
|
1 |
|a Berlin, Heidelberg :
|b Springer Berlin Heidelberg :
|b Imprint: Springer,
|c 2016.
|
| 300 |
|
|
|a XVII, 119 p. 101 illus., 75 illus. in color.
|b online resource.
|
| 336 |
|
|
|a text
|b txt
|2 rdacontent
|
| 337 |
|
|
|a computer
|b c
|2 rdamedia
|
| 338 |
|
|
|a online resource
|b cr
|2 rdacarrier
|
| 347 |
|
|
|a text file
|b PDF
|2 rda
|
| 490 |
1 |
|
|a Springer Theses, Recognizing Outstanding Ph.D. Research,
|x 2190-5053
|
| 505 |
0 |
|
|a Introduction -- Unified plasticity model for large post-liquefaction shear deformation of sand and its numerical implementation -- Seismic response analysis of single piles in liquefiable ground -- Downdrag analysis of single piles in post-liquefaction reconsolidating ground -- Conclusions.
|
| 520 |
|
|
|a This thesis focuses on seismic response of piles in liquefiable ground. A three-dimensional unified plasticity model for large post-liquefaction shear deformation of sand was formulated and implemented for parallel computing, based on which a three dimensional dynamic finite element analysis method for piles in liquefiable ground was developed. Through a combination of case analysis, centrifuge shaking table experiments and numerical simulations using the proposed methods, the seismic response patterns of single piles in liquefiable ground were revealed, including: basic force-resistance mode, kinematic and inertial interaction coupling mechanism and major influence factors. A beam on nonlinear Winkler foundation (BNWF) solution and a modified neutral plane solution were developed and validated against centrifuge experiments for piles in consolidating and reconsolidating ground. The axial pile force and settlement during post-earthquake reconsolidation was studied, showing pile axial force to be irrelevant of the reconsolidation process while settlement to be process dependent.
|
| 650 |
|
0 |
|a Earth sciences.
|
| 650 |
|
0 |
|a Geotechnical engineering.
|
| 650 |
|
0 |
|a Continuum mechanics.
|
| 650 |
|
0 |
|a Engineering geology.
|
| 650 |
|
0 |
|a Engineering
|x Geology.
|
| 650 |
|
0 |
|a Foundations.
|
| 650 |
|
0 |
|a Hydraulics.
|
| 650 |
1 |
4 |
|a Earth Sciences.
|
| 650 |
2 |
4 |
|a Geotechnical Engineering & Applied Earth Sciences.
|
| 650 |
2 |
4 |
|a Geoengineering, Foundations, Hydraulics.
|
| 650 |
2 |
4 |
|a Continuum Mechanics and Mechanics of Materials.
|
| 710 |
2 |
|
|a SpringerLink (Online service)
|
| 773 |
0 |
|
|t Springer eBooks
|
| 776 |
0 |
8 |
|i Printed edition:
|z 9783662496619
|
| 830 |
|
0 |
|a Springer Theses, Recognizing Outstanding Ph.D. Research,
|x 2190-5053
|
| 856 |
4 |
0 |
|u http://dx.doi.org/10.1007/978-3-662-49663-3
|z Full Text via HEAL-Link
|
| 912 |
|
|
|a ZDB-2-EES
|
| 950 |
|
|
|a Earth and Environmental Science (Springer-11646)
|